LEADER 02112 am 2200433 n 450 001 9910315239603321 005 20181025 010 $a2-37747-135-8 024 7 $a10.4000/books.ugaeditions.3869 035 $a(CKB)4100000007823731 035 $a(FrMaCLE)OB-ugaeditions-3869 035 $a(oapen)https://directory.doabooks.org/handle/20.500.12854/44253 035 $a(PPN)235361852 035 $a(EXLCZ)994100000007823731 100 $a20190329j|||||||| ||| 0 101 0 $afre 135 $auu||||||m|||| 181 $ctxt$2rdacontent 182 $cc$2rdamedia 183 $acr$2rdacarrier 200 13$aLa Crise de la littérature $eRomantisme et modernité /$fAlain Vaillant 210 $aGrenoble $cUGA Éditions$d2018 215 $a1 online resource (395 p.) 311 $a2-84310-072-0 330 $aLa crise de la littérature : la rumeur est si banale aujourd'hui qu'elle en paraît avoir existé de tout temps. En fait des années 1830, et des bouleversements culturels qui, liés aux séquelles sociales de la Révolution, transforment radicalement la communication littéraire. Cette mutation qu'on appellera indifféremment romantisme ou modernité touche non seulement le fonctionnement social ou institutionnel, mais surtout la nature même de la littérature, considérée désormais comme un fait textuel et non plus discursif : de cette rupture jusqu'alors inimaginable avec la tradition héritée de l'Antiquité, découlent toutes les grandes innovations esthétiques du 19e siècle, parmi celles-ci les ?uvres de Mme de Staël, Lamartine, Balzac, Musset, Hugo, Baudelaire, Allais, Mallarmé. 606 $aFrench literature$y19th century$xHistory and criticism 606 $aRomanticism$zFrance 610 $acrise 610 $amodernité 610 $alittérature 610 $aromantisme 615 0$aFrench literature$xHistory and criticism. 615 0$aRomanticism 700 $aVaillant$b Alain$0165429 801 0$bFR-FrMaCLE 906 $aBOOK 912 $a9910315239603321 996 $aLa crise de la litte?rature$92874010 997 $aUNINA LEADER 00921nam0 22002411i 450 001 UON00139830 005 20231205102836.593 100 $a20020107d1966 |0itac50 ba 101 $aara 102 $aIQ 105 $a|||| 1|||| 200 1 $aˆal-‰Sira' 'ala'l-halig al-'arab$fSalim Taha al-Takriti 210 $aBagdad$c[s.n.]$d1966 215 $a146 p.$d23 cm 620 $aIQ$dBa?d?d$3UONL000447 686 $aARA IV C$cPAESI ARABI - STORIA CONTEMPORANEA - COMUNITA' ISLAMICHE NEL MONDO$2A 700 1$aˆal-‰TAKRITI$bSalim Taha$3UONV084741$0671176 801 $aIT$bSOL$c20241115$gRICA 899 $aSIBA - SISTEMA BIBLIOTECARIO DI ATENEO$2UONSI 912 $aUON00139830 950 $aSIBA - SISTEMA BIBLIOTECARIO DI ATENEO$dSI ARA IV C 127 $eSI AR 2738 5 127 996 $aSira' 'ala'l-halig al-'arab$91278525 997 $aUNIOR